00430nam a2200133 a 450000100100000000500170001000800410002704000250006808200250009310000240011824500530014226000790019530000220027400004629220201002052751.0150716s1984 dr 000 0 spa d aDO-SdBNPbspacBNPHU axxxxxxxxxbxxxxxxxxx1 aJ. Franco, Franklin10a¿Revolución inminente? /cFranklin J. Franco. aSanto Domingo, República Dominicana :bFebreristasbAlfa y Omega,c1984. a27 p. : ;c18 cm.